000 00906nam a2200277Ia 4500
003 OSt
005 20220927104115.0
006 a|||||r|||| 00| 0
007 ta
008 220926b |||||||| |||| 00| 0 eng d
024 _a85943
037 _cReference Collections
040 _aRTL
_cRTL
_beng
041 _2eng
_aeng
082 _a"Y:5.436J.N8, M9/UN"
110 _a"United Nations, International Economics and Social Affairs (Deptt of-)"
_9363964
245 0 _aPopulation growth and policies in Mega-cities
260 _aNew
_bYork UN
_c1989
300 _a46p
_ccm.
490 _a"UN, Population Policy Paper. 18"
500 _aBibliography: p 44-46
650 _aDemography
_9363965
700 _a"United Nations, International Economics and Social Affairs (Deptt of-)"
_9363966
942 _h"Y:5.436J.N8, M9/UN"
_cCC
999 _c685998
_d685998